الأقتصاد المصري 2006/2007.

يأتى التقرير الحالى الذى يصدره معهد التخطيط القومى والذى يهدف إلى استعراض وتحليل أهم التطورات التى شهدها الاقتصاد المصرى خلال السنوات الماضية، وكذلك أهم الفرص الواجب استغلالها والتحديات التى يجب مواجهتها بشكل جاد وحاسم....

全面介绍

Saved in:
书目详细资料
企业作者: معهد التخطيط القومى
格式: 图书
语言:阿拉伯语
出版: القاهرة : معهد التخطيط القومى.
主题:
标签: 添加标签
没有标签, 成为第一个标记此记录!

MARC

LEADER 00000nam a22000007a 4500
003 INP
005 20180717121546.0
008 180219s2007 ua a|||fr|||| 00| 0 ara d
952 |0 0  |1 0  |4 0  |6 330962_أ_ق_20062007  |7 0  |8 reports ar  |9 12128  |a INP  |b INP  |c MAIN  |d 2018-07-17  |l 0  |o 330,962 أ ق 2006-2007  |p 013192  |r 2018-07-17 00:00:00  |w 2018-07-17  |y REP  |0 0  |0 0 
999 |c 11445  |d 11445 
040 |a EG-INP  |b ara  |c EG-INP 
082 0 4 |2 21  |a 330,962  |b أ ق 2006-2007 
110 2 |a معهد التخطيط القومى. 
245 1 2 |a الأقتصاد المصري 2006/2007. 
260 |a القاهرة :   |b معهد التخطيط القومى. 
300 |a 144 ص. :   |b أيض. ؛   |c 24 سم.  
500 |a إصدار ديسمبر 2007. 
500 |a بنى الوصف على عام 2006/2007. 
504 |a يشتمل على إرجاعات ببليوجرافية. 
520 |a يأتى التقرير الحالى الذى يصدره معهد التخطيط القومى والذى يهدف إلى استعراض وتحليل أهم التطورات التى شهدها الاقتصاد المصرى خلال السنوات الماضية، وكذلك أهم الفرص الواجب استغلالها والتحديات التى يجب مواجهتها بشكل جاد وحاسم. 
650 7 |2 qrmak  |a الاقتصاد. 
650 7 |2 qrmak  |a التخطيط الأقتصادى. 
650 7 |2 qrmak  |a الأحوال الاقتصادية. 
650 7 |2 qrmak  |a العمل والعمال. 
901 |a EGPV3 
903 |a original 
942 |2 ddc  |c REP